000 00597nam a2200193Ia 4500
003 GCL
008 140319s9999 xx 000 0 ara d
040 _aGCL /
_cGCL
082 0 4 _a069.15
_bو ت
100 1 _aوفاء الصديق
245 1 0 _aالتربية المتحفية والهوية القومية /
_cوفاء الصديق
700 1 _aعبدالله امين عشرى
300 _a62 ص
490 _aالهيئة العامة للاستعلامات
_v0
650 0 4 _aالوطنية
650 0 4 _aالمتاحف
650 0 4 _aالتربية المتحفية
942 _2ddc
_cBK
999 _c51341
_d51341